000
00326 a2200109 4500
001
ART_47134
005
20260410161850.0
008
260409a
245
1
0
_a
Criterios de desarrollo económico óptimo
100
1
_a
Mantel, Rolf R.
773
0
_t
Económica
_g
- Año XLV, Nº 2 T.1 (jul./dic. 1999)
_w
REV7541
999
_c
24924
_d
24924